Statistics for Harry Potter Trivia

Click here to take the quiz!

General Stats

  • This quiz has been taken 20 times
  • The average score is 8 of 10

Answer Stats

QuestionAnswer% Correct
What is Dumbledore's pet?Pheonix
100%
What is Fred and George's business called?Weasley's Wizard Wheezes
100%
How many books are there?7
94%
Who is Arianna?Dumbledore's sister
94%
Why does Voldemort take Harry's blood?To bring himself back
94%
What is Hermione's patrons?Otter
82%
Which book is longest?5
76%
What creatures does Hagrid teach them about in the 4th book?Blast ended skrewt
76%
How old are Fred and George when they drop out?17
53%
How old is Harry at the end of his second year?13
12%

Score Distribution

Percentile by Number Answered

Percent of People with Each Score

Your Score History

You have not taken this quiz